000 00280nam a2200109Ia 4500
008 220120s9999||||xx |||||||||||||| ||und||
100 _aBhatt N.D and Panchal V.M
245 0 _aEngineering Drawing
260 _aCharotar publishing house
300 _b545
650 _aGENERAL BOOKS
999 _c137277
_d137277